|
|
|
|
| LEADER |
00000cam a2200000 a 4500 |
| 001 |
3928 |
| 005 |
20230308155823.0 |
| 008 |
000000| ||||||||r|||||||||||spa|| |
| 040 |
|
|
|b spa
|
| 041 |
1 |
|
|a spa
|
| 082 |
0 |
|
|a 843
|
| 100 |
1 |
|
|a Tricht, páginas: Víctor Van
|9 273838
|
| 245 |
|
|
|a El juego Obras amenas
|c P. Víctor Van Tricht
|h imp
|
| 264 |
|
|
|a Bilbao
|b Imprenta del Corazón de Jesús
|c s.f.
|
| 300 |
|
|
|a 97 páginas:
|c 28 cm
|
| 650 |
1 |
|
|a Novela francesa
|9 5028
|
| 852 |
|
|
|a UC-CDJBV
|c ESTANTERIA CERRADA
|f Compra
|k margarita.gutierrez
|l 1
|m Limitada
|p 00000000
|q 5,00
|t 3928
|b 1
|d CDRC
|e CDRC
|g 843 ESTANTERIA CERRADA
|z 0000-00-00
|
| 942 |
|
|
|c BK
|
| 999 |
|
|
|c 7698
|d 7698
|